Who spoke up? American protest against the war in Vietnam, 1963-1975 /

Guardado en:
Detalles Bibliográficos
Autor principal: Zaroulis, Nancy
Otros Autores: Sullivan, Gerald
Formato: Sách giấy
Lenguaje:English
Publicado: New York : Doubleday , 1984
Etiquetas: Agregar Etiqueta
Sin Etiquetas, Sea el primero en etiquetar este registro!
Thư viện lưu trữ: Thư viện Trường Đại học Đà Lạt
LEADER 00635nam a2200253 4500
001 DLU020016887
005 ##1/2/2001
020 # # |a 978- 
041 # # |a eng 
082 # # |a 959.704 31  |b ZA-N 
100 # # |a Zaroulis, Nancy 
245 # # |a Who spoke up? American protest against the war in Vietnam, 1963-1975 /  |c Nancy Zaroulis, Gerald Sullivan 
260 # # |a New York :  |b Doubleday ,  |c 1984 
300 # # |a 460 tr.;   |c 24 cm. 
700 # # |a Sullivan, Gerald 
992 # # |a 0 
994 # # |a DLU 
900 # # |a False 
911 # # |a Administrator 
925 # # |a G 
926 # # |a A 
927 # # |a SH 
980 # # |a Thư viện Trường Đại học Đà Lạt